000 00554ntaaa2200193 4500
003 01
005 20251027201739.0
008 0714s1973 ag 01
040 _aAR-BaBN
_bspa
_cAR-BaBN
_eaacr
_dRIC
082 _a239.0000 M76
100 _aMontgomery, John Warwick
_94085
245 _aEs confiable el cristianismo?
250 _a1 ed.
260 _aEl Paso :
_bCasa Bautista de Publicaciones,
_c1968
300 _a31 p
500 _aEnsayo de un historiador sobre el cristianismo.Escrito para universitarios.
650 _aapologética
942 _cBK
999 _c12150
_d12150